| 000 | 00408nam a2200145Ia 4500 | ||
|---|---|---|---|
| 999 |
_c8370 _d8370 |
||
| 020 | _a9789381345061 | ||
| 082 | _a304.6 UN; | ||
| 245 | 0 | _aUnstable populations, anxious states: mixed and massive population flows in South Asia | |
| 260 |
_aKolkata _bSamya _c2013 |
||
| 300 | _axxix, 336 | ||
| 650 | _aPOPULATION-SOUTH ASIA | ||
| 650 | _aREFUGEES- GOVERNMENT POLICY | ||
| 700 | _aBanerjee, Paula | ||
| 942 | _cBK | ||